Văn học Việt Nam (1900-1945)

Sách trình bày khá đầy đủ và sâu sắc các khuynh hướng, các trào lưu văn học xuất hiện từ những năm đầu thế kỷ XX đến đến Cách mạng tháng Tám 1945: Văn học hiện thực, văn học lãng mạn, văn học yêu nước và cách mạng. Ngoài ra, sách cũng đ...

全面介紹

Đã lưu trong:
書目詳細資料
格式: 圖書
語言:Undetermined
出版: Hà Nội Giáo Dục 1997
主題:
標簽: 添加標簽
沒有標簽, 成為第一個標記此記錄!
Thư viện lưu trữ: Trung tâm Học liệu Trường Đại học Cần Thơ
LEADER 01256nam a2200229Ia 4500
001 CTU_22227
008 210402s9999 xx 000 0 und d
020 |c 65000 
082 |a 895.92209 
082 |b V115 
245 0 |a Văn học Việt Nam 
245 0 |b (1900-1945) 
245 0 |c Phan Cự Đệ ...[et al.] 
260 |a Hà Nội 
260 |b Giáo Dục 
260 |c 1997 
520 |a Sách trình bày khá đầy đủ và sâu sắc các khuynh hướng, các trào lưu văn học xuất hiện từ những năm đầu thế kỷ XX đến đến Cách mạng tháng Tám 1945: Văn học hiện thực, văn học lãng mạn, văn học yêu nước và cách mạng. Ngoài ra, sách cũng đề cập đến một sự kiện văn học quan trọng, rất mới mẻ là sự xuất hiện các tác gia và tác phẩm, phê bình văn học theo khuynh hướng marxist với Hải Triều và Đặng Thai Mai 
650 |a Vietnamese literature,Vietnamese literature 
650 |x history and criticism 
650 |y 20th century 
904 |i Huỳnh Mai 
980 |a Trung tâm Học liệu Trường Đại học Cần Thơ